County town, (Record no. 76417)
[ view plain ]
| 000 -LEADER | |
|---|---|
| fixed length control field | 01688cam a2200433I 4500 |
| 001 - CONTROL NUMBER | |
| control field | 76417 |
| 003 - CONTROL NUMBER IDENTIFIER | |
| rucl marc code | BD-RjUL |
| 005 - DATE AND TIME OF LATEST TRANSACTION | |
| control field | 20211209082835.0 |
| 008 - FIXED-LENGTH DATA ELEMENTS--GENERAL INFORMATION | |
| fixed length control field | 770617s1946 enkabe 000 0 engm |
| 035 ## - SYSTEM CONTROL NUMBER | |
| System control number | MITb10311271 |
| System control number | (BD-RjUL)76638 |
| System control number | GLIS00311271 |
| 040 ## - CATALOGING SOURCE | |
| Original cataloging agency | DLC |
| Transcribing agency | NRC |
| Modifying agency | NRC |
| -- | SER |
| -- | MYG |
| Language of cataloging | eng |
| 041 ## - LANGUAGE CODE | |
| Language code of text/sound track or separate title | eng |
| 043 ## - GEOGRAPHIC AREA CODE | |
| Geographic area code | e-uk-en |
| 049 ## - LOCAL HOLDINGS (OCLC) | |
| Holding library | MYGR |
| 082 ## - DEWEY DECIMAL CLASSIFICATION NUMBER | |
| Edition number | 23 |
| Classification number | 711.4 |
| Author mark and year | GLC 1946 |
| 099 ## - LOCAL FREE-TEXT CALL NUMBER (OCLC) | |
| Bangla Class number | NA9187.W6.G53 |
| 100 1# - MAIN ENTRY--PERSONAL NAME | |
| Personal name | Glaisyer, Janet. |
| 9 (RLIN) | 235924 |
| 245 10 - TITLE STATEMENT | |
| Title | County town, |
| Remainder of title | a civic survey for the planning of Worcester / |
| Statement of responsibility, etc. | by Janet Glaisyer, T. Brennan, W. Ritchie and P. Sargant Florence, Commerce Department, University of Birmingham. Prepared for the Worcester City Council. |
| 260 ## - PUBLICATION, DISTRIBUTION, ETC. (IMPRINT) | |
| Place of publication, distribution, etc. | London : |
| Name of publisher, distributor, etc. | John Murray, |
| Date of publication, distribution, etc. | 1946. |
| 300 ## - PHYSICAL DESCRIPTION | |
| Pagination | xii, 319 p. : |
| Size | 25 cm. |
| Illustrations | incl. illus. (1 col.; incl. maps) plans, tables, diagrs., front., plans (1 fold.); |
| 336 ## - CONTENT TYPE | |
| Content type term | text |
| Content type code | txt |
| Source | rdacontent |
| 337 ## - MEDIA TYPE | |
| Media type term | unmediated |
| Media type code | n |
| Source | rdamedia |
| 338 ## - CARRIER TYPE | |
| Carrier type term | volume |
| Carrier type code | nc |
| Source | rdacarrier |
| 500 ## - GENERAL NOTE | |
| General note | Incorporates the bulk of the Department's survey report to the Council's Reconstruction and Development Committee in May 1945. cf. Authors' introd. |
| 650 #0 - SUBJECT ADDED ENTRY--TOPICAL TERM | |
| Topical term or geographic name as entry element | City planning |
| Geographic subdivision | England |
| -- | Worcester. |
| 9 (RLIN) | 235925 |
| 710 2# - ADDED ENTRY--CORPORATE NAME | |
| Corporate name or jurisdiction name as entry element | University of Birmingham. |
| Subordinate unit | Faculty of Commerce and Social Science. |
| 9 (RLIN) | 235926 |
| Corporate name or jurisdiction name as entry element | Worcester (England). |
| Subordinate unit | City Council. |
| 9 (RLIN) | 235927 |
| 910 ## - USER-OPTION DATA (OCLC) | |
| User-option data | 4682057LIN870723eas |
| User-option data | 4682057LIN870723eas |
| User-option data | MARCIVEAUT |
| 942 ## - ADDED ENTRY ELEMENTS (KOHA) | |
| Source of classification or shelving scheme | Dewey Decimal Classification |
| Koha item type | Books |
| 949 ## - LOCAL PROCESSING INFORMATION (OCLC) | |
| a | MYGR |
| b | 39080004682057 |
| Lost status | Source of classification or shelving scheme | Damaged status | Not for loan | Collection code | Permanent Location | Current Location | Shelving location | Date acquired | Source of acquisition | Cost, normal purchase price | Total Checkouts | Full call number | Date last seen | Copy number | Koha item type |
|---|---|---|---|---|---|---|---|---|---|---|---|---|---|---|---|
| Dewey Decimal Classification | Not For Loan | Non-fiction | Central Library, University of Rajshahi | Central Library, University of Rajshahi | Reading Room | 10/12/1957 | Unlimited | 17.00 | 711.4 GLC 1946 | 03/12/2019 | C-1 | Books |